000 00543nam a2200193Ia 4500
008 101110s9999 xx 000 0 und d
041 _aENGLISH
082 _bSR22184
100 _aPrabhu Garg, Prabhu Sathe
245 _aBasic Principles in Physical Chemistry - S.Y.B.Sc.
365 _b50
520 _aChemistry
546 _aENGLISH
630 _aBasic Principles in Physical Chemistry - S.Y.B.Sc.
650 _aChemistry
655 _aChemistry
730 _aBasic Principles in Physical Chemistry - S.Y.B.Sc.
942 _cBOOK
999 _c814967
_d814964